An introduction to company law / (Record no. 4522)
[ view plain ]
| 000 -LEADER | |
|---|---|
| fixed length control field | 00715nam a2200229 4500 |
| 001 - CONTROL NUMBER | |
| control field | 4522 |
| 003 - CONTROL NUMBER IDENTIFIER | |
| rucl marc code | BD-RjUL |
| 005 - DATE AND TIME OF LATEST TRANSACTION | |
| control field | 20211208233915.0 |
| 008 - FIXED-LENGTH DATA ELEMENTS--GENERAL INFORMATION | |
| fixed length control field | 131222r19661959enk b 001 0 eng d |
| 035 ## - SYSTEM CONTROL NUMBER | |
| System control number | CURL 980078426195(LCo) from cyfc11 |
| -- | (BD-RjUL)4557 |
| 040 ## - CATALOGING SOURCE | |
| Original cataloging agency | BD-RjUL |
| Language of cataloging | eng |
| Transcribing agency | BD-RjUL |
| Modifying agency | BD-RjUL |
| 041 ## - LANGUAGE CODE | |
| Language code of text/sound track or separate title | eng |
| 082 ## - DEWEY DECIMAL CLASSIFICATION NUMBER | |
| Author mark and year | HOI 1966 |
| Classification number | 347.7 |
| Edition number | 23 |
| 100 1# - MAIN ENTRY--PERSONAL NAME | |
| Personal name | Hornby, James Angus. |
| 9 (RLIN) | 14303 |
| 245 13 - TITLE STATEMENT | |
| Title | An introduction to company law / |
| Statement of responsibility, etc. | [by] J. A. Hornby |
| 250 ## - EDITION STATEMENT | |
| Edition statement | University Library ed. |
| 260 ## - PUBLICATION, DISTRIBUTION, ETC. (IMPRINT) | |
| Place of publication, distribution, etc. | London : |
| Name of publisher, distributor, etc. | Hutchinson, |
| Date of publication, distribution, etc. | c1959[impression1966] |
| 300 ## - PHYSICAL DESCRIPTION | |
| Pagination | 188 p. ; |
| Size | 22 cm. |
| 504 ## - BIBLIOGRAPHY, ETC. NOTE | |
| Bibliography, etc | Includs Bibliography and index. |
| 650 #0 - SUBJECT ADDED ENTRY--TOPICAL TERM | |
| Topical term or geographic name as entry element | Corporation law |
| Geographic subdivision | Great Britain |
| 9 (RLIN) | 13492 |
| 942 ## - ADDED ENTRY ELEMENTS (KOHA) | |
| Source of classification or shelving scheme | Dewey Decimal Classification |
| Koha item type | Books |
| Lost status | Source of classification or shelving scheme | Damaged status | Not for loan | Collection code | Permanent Location | Current Location | Shelving location | Date acquired | Source of acquisition | Cost, normal purchase price | Total Checkouts | Full call number | Date last seen | Copy number | Koha item type | Date checked out |
|---|---|---|---|---|---|---|---|---|---|---|---|---|---|---|---|---|
| Dewey Decimal Classification | Not For Loan | Non-fiction | Central Library, University of Rajshahi | Central Library, University of Rajshahi | Reading Room | 24/05/1967 | Pakistan book centre | 22.50 | 347.7 HOI 1966 | 22/12/2013 | C-1 | Books | ||||
| Dewey Decimal Classification | Non-fiction | Central Library, University of Rajshahi | Central Library, University of Rajshahi | 13/07/1968 | Zeitlinger | 30.00 | 347.7 HOI 1966 | 02/08/2016 | C-2 | Books | ||||||
| Dewey Decimal Classification | Non-fiction | Central Library, University of Rajshahi | Central Library, University of Rajshahi | 13/07/1968 | Zeithlinger | 30.00 | 347.7 HOI 1966 | 02/08/2016 | C-3 | Books | ||||||
| Dewey Decimal Classification | Non-fiction | Central Library, University of Rajshahi | Central Library, University of Rajshahi | 13/07/1968 | Zeithlinger | 30.00 | 347.7 HOI 1966 | 02/08/2016 | C-4 | Books | ||||||
| Dewey Decimal Classification | Non-fiction | Central Library, University of Rajshahi | Central Library, University of Rajshahi | 13/07/1968 | Zeithlinger | 30.00 | 347.7 HOI 1966 | 02/08/2016 | C-5 | Books | ||||||
| Dewey Decimal Classification | Non-fiction | Central Library, University of Rajshahi | Central Library, University of Rajshahi | 13/07/1968 | Zeithlinger | 30.00 | 1 | 347.7 HOI 1966 | 22/09/2016 | C-6 | Books | 31/08/2016 |